Educational Administration: (Record no. 546)

MARC details
000 -LEADER
fixed length control field 00674nam a2200241 4500
003 - CONTROL NUMBER IDENTIFIER
control field OSt
005 - DATE AND TIME OF LATEST TRANSACTION
control field 20200222145442.0
008 - FIXED-LENGTH DATA ELEMENTS--GENERAL INFORMATION
fixed length control field 141021b xxu||||| |||| 00| 0 eng d
020 ## - INTERNATIONAL STANDARD BOOK NUMBER
International Standard Book Number 9780072322897
020 ## - INTERNATIONAL STANDARD BOOK NUMBER
International Standard Book Number 0071180966
040 ## - CATALOGING SOURCE
Transcribing agency 040a
082 ## - DEWEY DECIMAL CLASSIFICATION NUMBER
Classification number 371.2 HOY 2001
100 ## - MAIN ENTRY--PERSONAL NAME
Personal name Hoy, Wayne K.; Miskel,Cecil G
9 (RLIN) 1410
245 ## - TITLE STATEMENT
Title Educational Administration:
Remainder of title theory, research and practice
250 ## - EDITION STATEMENT
Edition statement 6th ed.
260 ## - PUBLICATION, DISTRIBUTION, ETC. (IMPRINT)
Place of publication, distribution, etc. Boston;
Name of publisher, distributor, etc. McGraw-Hill international,
Date of publication, distribution, etc. 2001
300 ## - PHYSICAL DESCRIPTION
Extent xiv, 498p ;
Other physical details ill :
Dimensions 20 cm.
440 ## - SERIES STATEMENT/ADDED ENTRY--TITLE
Title Educational series
9 (RLIN) 1411
504 ## - BIBLIOGRAPHY, ETC. NOTE
Bibliography, etc includes index
650 ## - SUBJECT ADDED ENTRY--TOPICAL TERM
Topical term or geographic name as entry element Education
9 (RLIN) 1404
650 ## - SUBJECT ADDED ENTRY--TOPICAL TERM
Topical term or geographic name as entry element Management
9 (RLIN) 364
942 ## - ADDED ENTRY ELEMENTS (KOHA)
Source of classification or shelving scheme Dewey Decimal Classification
Koha item type Short Loan
Holdings
Withdrawn status Lost status Source of classification or shelving scheme Damaged status Not for loan Home library Current library Date acquired Source of acquisition Inventory number Total Checkouts Full call number Barcode Date last seen Koha item type
    Dewey Decimal Classification     MUST Main Library MUST Main Library 21/10/2014 Purchase 02/17300   371.2 HOY 2001 2014-3058 21/10/2014 Short Loan
    Dewey Decimal Classification     MUST Main Library MUST Main Library 22/02/2020 Purchase 04/20722   371.2 HOY 2001 2020-0532 22/02/2020 Short Loan